| 000 | 00854nam a22002057a 4500 | ||
|---|---|---|---|
| 005 | 20240821124901.0 | ||
| 010 | _aHIN-128251 | ||
| 020 |
_a9789381154212 _c500.00 |
||
| 035 | _aHN-100597 | ||
| 037 | _bDBAD | ||
| 082 | _a500 | ||
| 100 |
_aगुप्ता, मुकेश _970316 |
||
| 245 |
_aसामान्य एवं दैनिक विज्ञान/ _cमुकेश गुप्ता |
||
| 250 | _a1 | ||
| 260 |
_aजयपुर _bबालाजी पब्लिकेशन _c2022 |
||
| 270 |
_a45- जी ,गोवेर्धन कॉलोनी, न्यू सांगानेर रोड, सोडाला _bजयपुर -19 |
||
| 300 |
_a204पृ. _c21सेमी (सजिल्द) |
||
| 650 |
_aहिन्दी _970317 |
||
| 942 |
_adpl _cHN _2ddc _h500 _mगुप्तामु |
||
| 999 |
_c205129 _d205129 |
||